Statystyki dla Quiz o państwie Salwador

Kliknij tutaj aby rozwiązać quiz!

Ogólne statystyki

  • Ten quiz został rozwiązany 3 razy
  • Średni wynik to 6 z 17

Statystyki odpowiedzi

WskazówkaOdpowiedź% Poprawnych
Kraje które graniczą z Salwadorem
Gwatemala
100%
Język urzędowyhiszpański
100%
Kraje które graniczą z SalwadoremHonduras
100%
Stolica SalwadoruSan Salvador
100%
W tym obcym kraju mieszka 2,3 mln SalwadorczykówStany Zjednoczone | USA
100%
"El Salwador" oznacza "Zbawca". Do jakiej osoby się to odnosi?Jezus Chrystus
67%
Salwador jest jedynym krajem Ameryki Środkowej, który nie graniczy z tym morzem.Morze Karaibskie
33%
Waluta w Salwadorze toDolar Amerykański | USD
0%
Jest tylko jeden kraj, który miał więcej zgonów z powodu erupcji wulkanicznych niż
Salwador od 141 r. p.n.e.
Indonezja
0%
Salwador stracił 85% swojego _____ od lat 60.lasu
0%
Region historyczny i kulturalny, którego częścią jest SalwadorMezoameryka
0%
Potrawa narodowa Salwadoru, (nadziewana tortilla)Pupusa
0%
Drugie co do wielkości miasto (wskazówka: Santa)Santa Ana
0%
Krótka wojna toczona w 1969 roku z pogranicza na 2 krajeWojna Piłkarska
0%
Salwador ma najwyższy wskaźnik __________ na świecie, 61.8 na 100 000 osób roczniezabójstwa
0%
Zatoka, z którą Salwador graniczy ze swoją wschodnią granicąZatoka Fonseca
0%
Sześć z ośmiu gatunków tych gatunków gniazduje w Salwadorze, w tym skórzastyżółw morski
0%

Rozkład punktacji

Percentyl według liczby udzielonych odpowiedzi

Procent ludzi z każdym wynikiem

Twoja historia wyników

Nie rozwiązałeś tego quizu